| 000 | 00759cam a2200253 a 4500 | ||
|---|---|---|---|
| 001 | 11994984 | ||
| 005 | 20180202082213.0 | ||
| 008 | 000503s1999 mnu d 000 0 eng | ||
| 010 | _a 00298093 | ||
| 020 | _a0314241302 (deluxe) | ||
| 020 | _a0314228640 | ||
| 040 |
_aDLC _cDLC _dDLC _dOCoLC _dDLC |
||
| 041 | _aeng | ||
| 043 | _an-us--- | ||
| 080 | _a340.03 | ||
| 082 | 0 | 0 |
_a340.03 GAR _220 |
| 100 | _a14 | ||
| 101 | _aSHJ | ||
| 245 | 0 | 0 |
_aBlack's law dictionary / _cBryan A. Garner, editor in chief. |
| 246 | 3 | 0 | _aLaw dictionary |
| 906 |
_a7 _bcbc _corigcop _d1 _eocip _f20 _gy-gencatlg |
||
| 942 |
_2ddc _cBK |
||
| 999 |
_c41686 _d41686 |
||